000
00297 a2200109 4500
001
ART_18412
005
20260410161701.0
008
260409a
245
1
0
_a
Práctica impositiva
100
1
_a
Nuñez, Eduardo José
773
0
_t
Revista Impuestos
_g
- Nº 2 (feb. 2013)
_w
REV639
999
_c
15222
_d
15222